Arquitectura : (Registro nro. 9259)

Detalles MARC
000 -LEADER
campo de control de longitud fija 02734cam a2200541Mc 4500
001 - NÚMERO DE CONTROL
campo de control u156605
003 - IDENTIFICADOR DE NÚMERO DE CONTROL
campo de control PE-LiUPU
005 - FECHA Y HORA DE LA ÚLTIMA TRANSACCIÓN
campo de control 20250731183341.0
008 - DATOS DE LONGITUD FIJA--INFORMACIÓN GENERAL
campo de control de longitud fija 160504s2015 sp a 001 0 spa d
020 ## - NÚMERO INTERNACIONAL ESTÁNDAR DEL LIBRO
Número Internacional Estándar del Libro 8425228697
020 ## - NÚMERO INTERNACIONAL ESTÁNDAR DEL LIBRO
Número Internacional Estándar del Libro 9788425228698
035 ## - NÚMERO DE CONTROL DEL SISTEMA
Número de control de sistema (Sirsi) i9788425228698
040 ## - FUENTE DE CATALOGACIÓN
Centro catalogador/agencia de origen PE-LiUPU
Lengua de catalogación spa
Centro/agencia transcriptor PE-LiUPU
Normas de descripción rda
041 1# - CÓDIGO DE IDIOMA
Código de lengua del texto/banda sonora o título independiente spa
Código de lengua original eng
049 ## - FONDOS LOCALES (OCLC)
Biblioteca depositaria PRUA
082 04 - NÚMERO DE LA CLASIFICACIÓN DECIMAL DEWEY
Número de clasificación 741.5
Cutter C554 2015
082 04 - NÚMERO DE LA CLASIFICACIÓN DECIMAL DEWEY
Número de clasificación 741.5
Cutter C554
Número de edición 20
100 1# - ENTRADA PRINCIPAL--NOMBRE DE PERSONA
Nombre de persona Ching, Francis,
Fechas asociadas al nombre 1943- ,
Término indicativo de función/relación autor.
245 10 - MENCIÓN DEL TÍTULO
Título Arquitectura :
Resto del título forma, espacio y orden /
Mención de responsabilidad, etc. Francis D.K. Ching.
250 ## - MENCION DE EDICION
Mención de edición Cuarta edición ampliada.
264 ## - PRODUCCIÓN, PUBLICACIÓN, DISTRIBUCIÓN, FABRICACIÓN Y COPYRIGHT
Producción, publicación, distribución, fabricación y copyright Barcelona :
Nombre del de productor, editor, distribuidor, fabricante Gustavo Gili,
Fecha de producción, publicación, distribución, fabricación o copyright 2015.
300 ## - DESCRIPCIÓN FÍSICA
Extensión XIII, 446 páginas :
Otras características físicas ilustraciones ;
Dimensiones 31 centímetros.
336 ## - TIPO DE CONTENIDO
Término de tipo de contenido text
Fuente rdacontent
337 ## - TIPO DE MEDIO
Nombre/término del tipo de medio unmediated
Fuente rdamedia
338 ## - TIPO DE SOPORTE
Nombre/término del tipo de soporte volume
Fuente rdacarrier
504 ## - NOTA DE BIBLIOGRAFÍA, ETC.
Nota de bibliografía, etc. Índices : páginas 433-446.
505 ## - NOTA DE CONTENIDO CON FORMATO
Nota de contenido con formato Elementos primarios -- Forma -- Forma y espacio -- Organización -- Circulación -- Proporción y escala -- Principios.
526 ## - NOTA DE INFORMACIÓN SOBRE EL PROGRAMA DE ESTUDIO
Nombre del programa Maestría Bim Facility Management (A distancia)
526 ## - NOTA DE INFORMACIÓN SOBRE EL PROGRAMA DE ESTUDIO
Nombre del programa
526 ## - NOTA DE INFORMACIÓN SOBRE EL PROGRAMA DE ESTUDIO
Nombre del programa Educación musical y artes
526 ## - NOTA DE INFORMACIÓN SOBRE EL PROGRAMA DE ESTUDIO
Nombre del programa Educación, especialidad educación física
526 ## - NOTA DE INFORMACIÓN SOBRE EL PROGRAMA DE ESTUDIO
Nombre del programa Arquitectura
534 ## - NOTA SOBRE LA VERSIÓN ORIGINAL
Frase introductoria Título original :
Mención de título del original Architecture. Form, Space, and Order.
541 ## - NOTA DE FUENTE DE ADQUISICIÓN DIRECTA
-- 048-0005626;
541 ## - NOTA DE FUENTE DE ADQUISICIÓN DIRECTA
-- 0020-0000433;
596 ## -
-- 1 2 3
650 17 - PUNTO DE ACCESO ADICIONAL DE MATERIA--TÉRMINO DE MATERIA
Término de materia o nombre geográfico como elemento de entrada Arquitectura
Subdivisión general Composición
Fuente del encabezamiento o término embne
650 27 - PUNTO DE ACCESO ADICIONAL DE MATERIA--TÉRMINO DE MATERIA
Término de materia o nombre geográfico como elemento de entrada Espacio (Arquitectura)
Fuente del encabezamiento o término embne
942 ## - ELEMENTOS DE ENTRADA SECUNDARIOS (KOHA)
Fuente del sistema de clasificación o colocación Clasificación Decimal Dewey
Tipo de ítem Koha
994 ## -
-- C0
-- PEPRU
949 ## - PROCESAMIENTO DE INFORMACIÓN LOCAL (OCLC)
a 741.5 C554 2015
w DEWEY
c 1
i FT03265
l CCODEBUT1
m BUT
p 51.91
r 0
s Y
t BOOK
u 2017-10-10
x INGENIERIA
-- P06
0 COMPRA
o .STAFF. Colección General
949 ## - PROCESAMIENTO DE INFORMACIÓN LOCAL (OCLC)
a 741.5 C554
w DEWEY
c 1
i 72931
d 2018-5-30
e 2018-5-30
f 2018-2-12
g 3
k CHECKEDOUT
l CCODEBUL1
m BUL
n 14
q 3
r M
s Y
t BOOK
u 2016-5-4
x INGENIERIA
-- P06
0 COMPRA
o .STAFF. Colecci©đn General
949 ## - PROCESAMIENTO DE INFORMACIÓN LOCAL (OCLC)
a 741.5 CH554 2015
w DEWEY
c 1
i FJ06740
d 2017-12-1
f 2017-12-28
g 1
l CCODEBUJ1
m BUJ
p 65.54
q 3
r 0
s Y
t BOOK
u 2017-2-13
x INGENIERIA
-- P25
0 COMPRA
o .STAFF. Colección General Juliaca
999 ## - NÚMEROS DE CONTROL DE SISTEMA (KOHA)
-- DEWEY
-- 72931
-- 2022-5-2
-- 2021-11-10
-- 6
-- CCODEBUL1
-- BUL
-- 30
-- 5
-- 0
-- Y
-- BOOK
-- 2016-5-4
-- INGENIERIA
-- P06
-- COMPRA
-- .STAFF. Colecci©đn General
999 ## - NÚMEROS DE CONTROL DE SISTEMA (KOHA)
-- DEWEY
-- FJ06740
-- 2019-10-3
-- 2022-2-1
-- 3
-- CCODEBUJ1
-- BUJ
-- 3
-- 65.54
-- 6
-- 0
-- Y
-- BOOK
-- 2017-2-13
-- INGENIERIA
-- P25
-- COMPRA
-- .STAFF. Colección General Juliaca
999 ## - NÚMEROS DE CONTROL DE SISTEMA (KOHA)
-- DEWEY
-- FT03265
-- 2022-4-6
-- 2019-2-20
-- 1
-- CCODEBUT1
-- BUT
-- 10
-- 51.91
-- 0
-- Y
-- BOOK
-- 2017-10-10
-- INGENIERIA
-- P06
-- COMPRA
-- .STAFF. Colección General
980 ## - EQUIVALENCIA O REFERENCIA-CRUZADA-MENCIÓN DE SERIE--NOMBRE DE PERSONA/TÍTULO [LOCAL, CANADÁ]
ID del último usuario que modificó el registro 1
Nombre del último usuario que modificó el registro ALBERTO SANCHEZ Responsable de Automatización
Existencias
Visto por última vez Número de inventario Total de préstamos Signatura topográfica completa Código de barras Fecha del último préstamo Copia número Coste, precio de reemplazo Fecha de reemplazo Facultad Tipo de ítem Koha Nota pública Estado de pérdida Fuente del sistema de clasificación o colocación Restricciones de uso No para préstamo Colección Programa académico Biblioteca de origen Biblioteca actual Ubicación en estantería Fecha de adquisición Fuente de adquisición Coste, precio normal de compra
2025-12-03 7 33 741.5 C554 72931 2024-06-12 e1 70.54 2016-05-04 FIA Libros físicos inventario-2023-12-13 No Perdido Clasificación Decimal Dewey No restringido Disponible para préstamos Colección General Arquitectura Biblioteca CRAI UPeU Lima Biblioteca CRAI UPeU Lima Sala principal 2016-05-04 COMPRA 65.54